<?xml version="1.0" encoding="UTF-8"?><?xml-stylesheet type="text/xsl" href="static/style.xsl"?><OAI-PMH xmlns="http://www.openarchives.org/OAI/2.0/" xmlns:xsi="http://www.w3.org/2001/XMLSchema-instance" xsi:schemaLocation="http://www.openarchives.org/OAI/2.0/ http://www.openarchives.org/OAI/2.0/OAI-PMH.xsd"><responseDate>2026-05-17T01:44:06Z</responseDate><request verb="GetRecord" identifier="oai:repisalud.isciii.es:20.500.12105/25325" metadataPrefix="marc">https://repisalud.isciii.es/rest/oai/request</request><GetRecord><record><header><identifier>oai:repisalud.isciii.es:20.500.12105/25325</identifier><datestamp>2025-12-18T12:59:26Z</datestamp><setSpec>com_20.500.12105_2203</setSpec><setSpec>com_20.500.12105_2202</setSpec><setSpec>col_20.500.12105_19585</setSpec></header><metadata><record xmlns="http://www.loc.gov/MARC21/slim" xmlns:dcterms="http://purl.org/dc/terms/" xmlns:doc="http://www.lyncode.com/xoai" xmlns:xsi="http://www.w3.org/2001/XMLSchema-instance" xsi:schemaLocation="http://www.loc.gov/MARC21/slim http://www.loc.gov/standards/marcxml/schema/MARC21slim.xsd">
   <leader>00925njm 22002777a 4500</leader>
   <datafield ind2=" " ind1=" " tag="042">
      <subfield code="a">dc</subfield>
   </datafield>
   <datafield ind2=" " ind1=" " tag="720">
      <subfield code="a">Instituto de Salud Carlos III. Gabinete de prensa</subfield>
      <subfield code="e">author</subfield>
   </datafield>
   <datafield ind2=" " ind1=" " tag="260">
      <subfield code="c">2024-08-29</subfield>
   </datafield>
   <datafield ind2=" " ind1=" " tag="520">
      <subfield code="a">Investigadores del Instituto de Salud Carlos III (ISCIII) han publicado un nuevo trabajo que detalla la ultraestructura de los distintos tipos celulares que componen los organoides cerebrales humanos. Los organoides son 'mini-órganos' desarrollados en laboratorio a partir de células humanas, que imitan la actividad de órganos humanos, en este caso del cerebro, lo que facilita la investigación de enfermedades y la búsqueda de posibles tratamientos. Gracias a un protocolo, publicado este año, el equipo de investigadores ha logrado que los 'minicerebros' generados en laboratorio presenten una gran diversidad de células cerebrales humanas, optimizando la capacidad de asemejarse a cerebros humanos para facilitar las labores de investigación de enfermedades neurológicas. Estos organoides incluyen zonas proliferativas formadas por precursores neurales que se diferencian y migran generando diferentes células cerebrales, como neuronas, astrocitos y oligodendrocitos. Además, presentan otros tipos celulares importantes para el correcto funcionamiento del cerebro humano, como las células microgliales.</subfield>
   </datafield>
   <datafield ind1="8" ind2=" " tag="024">
      <subfield code="a">Noticia publicada en la web del ISCIII el 29/08/2024.</subfield>
   </datafield>
   <datafield ind1="8" ind2=" " tag="024">
      <subfield code="a">https://hdl.handle.net/20.500.12105/25325</subfield>
   </datafield>
   <datafield tag="653" ind2=" " ind1=" ">
      <subfield code="a">Organoides</subfield>
   </datafield>
   <datafield tag="653" ind2=" " ind1=" ">
      <subfield code="a">Enfermedades neurológicas</subfield>
   </datafield>
   <datafield tag="653" ind2=" " ind1=" ">
      <subfield code="a">Cerebro humano</subfield>
   </datafield>
   <datafield ind2="0" ind1="0" tag="245">
      <subfield code="a">Organoides demuestran capacidad de asemejarse al cerebro humano, facilitando el desarrollo de terapias para enfermedades neurológicas</subfield>
   </datafield>
</record></metadata></record></GetRecord></OAI-PMH>